000 00393nam a2200157Ia 4500
008 230711s9999||||xx |||||||||||||| ||und||
041 _aENG
082 _a621.092
_bYA-T
100 _aYahya,SM
245 0 _aTurbines compressors and fans
250 _a1st
260 _c1994
_aNew Delhi
_bTata McGraw Hill Education Limited
300 _a678
650 _aMechanical Engineering
942 _cBK
999 _c2417
_d2417